| 000 | 01490nam0a22003371 4500 | ||
|---|---|---|---|
| 001 | rc\3408779 | ||
| 005 | 20260407082816.0 | ||
| 021 |
_aRU _b[73-85000] |
||
| 035 | _a(NLR Aleph) 007576970 | ||
| 090 |
_a5466728 _c5466728 |
||
| 100 | _a20130115d1973 |||y0rusy50 ca | ||
| 101 | 0 | _arus | |
| 102 | _aRU | ||
| 105 | _aab z |||c| | ||
| 200 | 1 |
_aРусские старожилы Сибири _eИст.-антропол. очерк _fАН СССР. Ин-т этнографии им. Н.Н. Миклухо-Маклая |
|
| 210 |
_aМосква _cНаука _d1973 |
||
| 215 |
_a189 с., 1 л. карт. _cил. _d21 |
||
| 300 | _aНа 5-й с. авт.: В.А. Александров, А.А. Лебедева, Г.М. Давыдова, В.В. Бунак | ||
| 606 |
_aРусские в Сибири _xИстория _2psbo |
||
| 606 |
_aРусские в Сибири _xАнтропологические исследования _2psbo |
||
| 701 | 1 |
_aЛебедева _bА.А. |
|
| 701 | 1 |
_aДавыдова _bГ.М. |
|
| 701 | 1 |
_4070 _8rus _7ca _aАлександров _bВ. А. _cд-р ист. наук _f1922-1994 _gВадим Александрович _3RU\NLR\AUTH\7713296 _9122989 |
|
| 701 | 1 |
_aБунак _bВ.В. |
|
| 712 | 0 | 2 |
_aИнститут этнографии им. Н. Н. Миклухо-Маклая _cМосква _3RU\NLR\AUTH\888946 _9290399 |
| 801 | 0 |
_aRU _bNLR _gpsbo |
|
| 801 | 1 |
_aRU _bELAR _2rusmarc |
|
| 852 |
_aNLR _j73-5/4889 |
||
| 942 | _cBOOK | ||
| 980 | _aNB | ||